Carved Stone (Record no. 78846)

MARC details
000 -LEADER
fixed length control field 00712nam a22002297a 4500
003 - CONTROL NUMBER IDENTIFIER
control field 2021015483
005 - DATE AND TIME OF LATEST TRANSACTION
control field 20230706142104.0
008 - FIXED-LENGTH DATA ELEMENTS--GENERAL INFORMATION
fixed length control field 230706b |||||||| |||| 00| 0 eng d
020 ## - INTERNATIONAL STANDARD BOOK NUMBER
International Standard Book Number 9780764238437
040 ## - CATALOGING SOURCE
Original cataloging agency Library of Congress
Language of cataloging eng
Transcribing agency CBULib
Modifying agency CBULib
Description conventions rda
050 ## - LIBRARY OF CONGRESS CALL NUMBER
Classification number PS 3553.A429
100 ## - MAIN ENTRY--PERSONAL NAME
Personal name Camden, Elizabeth
245 ## - TITLE STATEMENT
Title Carved Stone
Statement of responsibility, etc / by Elizabeth Camden
260 ## - PUBLICATION, DISTRIBUTION, ETC. (IMPRINT)
Name of publisher, distributor, etc Bethany House Publishers,
Date of publication, distribution, etc 2012
Place of publication, distribution, etc Bloomington, Minnesota
300 ## - PHYSICAL DESCRIPTION
Extent 342 pages
336 ## - CONTENT TYPE
Source rdacontent
Content type term
Content type code txt
337 ## - MEDIA TYPE
Source rdamedia
Media type term
338 ## - CARRIER TYPE
Source rdacarrier
Carrier type term Volume
600 #0 - SUBJECT ADDED ENTRY--PERSONAL NAME
Source of heading or term Library of Congress
Dates associated with a name 1965-
9 (RLIN) 6
Personal name Camden, Elizabeth
700 ## - ADDED ENTRY--PERSONAL NAME
9 (RLIN) 6
Personal name Camden, Elizabeth
Dates associated with a name 1965-
942 ## - ADDED ENTRY ELEMENTS (KOHA)
Source of classification or shelving scheme
Koha item type MONOGRAPH
Holdings
Withdrawn status Lost status Source of classification or shelving scheme Damaged status Not for loan Collection code Permanent Location Current Location Shelving location Date acquired Source of acquisition Total Checkouts Full call number Barcode Date last seen Date checked out Copy number Price effective from Koha item type
          Mpika Library Collection CBU-MAIN LIBRARY, KITWE. CBU-MAIN LIBRARY, KITWE. Fiction Collection 06/06/2023 DON-BOOKAID 2 PS 3553.A429 752360 09/19/2025 07/03/2025 1 06/06/2023 MONOGRAPH